[Event "SUI-chT"]
[Site "Switzerland"]
[Date "2021.09.19"]
[Round "2.8"]
[White "Rusev, Aleksandar"]
[Black "Buehler, Michael"]
[Result "1-0"]
[WhiteElo "2334"]
[BlackElo "2056"]
[PlyCount "83"]
[EventDate "2021.08.29"]
[EventType "team-tourn"]
[EventRounds "9"]
[EventCountry "SUI"]
[SourceTitle "EXT 2022"]
[Source "ChessBase"]
[SourceDate "2021.10.06"]
[SourceVersion "1"]
[SourceVersionDate "2021.10.06"]
[SourceQuality "1"]
[WhiteTeam "Luzern"]
[BlackTeam "Reti"]
[WhiteTeamCountry "SUI"]
[BlackTeamCountry "SUI"]

1. d4 Nf6 2. c4 e6 3. Nc3 Bb4 4. e3 0-0 5. Bd3 d5 6. Nf3 dxc4 7. Bxc4 c5 8. 0-0 cxd4 9. exd4 b6 10. Qe2 Bb7 11. Bg5 Nbd7 12. Rad1 Qc7 13. Bb3 Bxc3 14. Rc1 Ne4 15. bxc3 Nxg5 16. Nxg5 Nf6 17. f4 Bd5 18. f5 h6 19. c4 Bb7 20. Nxf7 Qxf7 21. fxe6 Qg6 22. d5 b5 23. e7 Rfe8 24. d6 Kh8 25. c5 Bc6 26. Be6 a6 27. Rcd1 Qg5 28. Rf5 Qg6 29. Rdf1 b4 30. R1f4 a5 31. Qf1 Rab8 32. Rxf6 gxf6 33. Rxf6 Qg7 34. g3 a4 35. Qf4 Kh7 36. Bf5+ Kg8 37. Rg6 b3 38. Rxg7+ Kxg7 39. Qe5+ Kg8 40. Qe6+ Kg7 41. Qg6+ Kh8 42. Qh7# 1-0

[Event "SUI-chT"]
[Site "Switzerland"]
[Date "2021.08.29"]
[Round "1.8"]
[White "Schmidbauer, Frank"]
[Black "Rusev, Aleksandar"]
[Result "1/2-1/2"]
[WhiteElo "2037"]
[BlackElo "2334"]
[PlyCount "88"]
[EventDate "2021.08.29"]
[EventType "team-tourn"]
[EventRounds "9"]
[EventCountry "SUI"]
[SourceTitle "CBM 204 Extra"]
[Source "ChessBase"]
[SourceDate "2021.11.30"]
[SourceVersion "1"]
[SourceVersionDate "2021.11.30"]
[SourceQuality "1"]
[WhiteTeam "Wollishofen"]
[BlackTeam "Luzern"]
[WhiteTeamCountry "SUI"]
[BlackTeamCountry "SUI"]

1. Nf3 Nf6 2. g3 g6 3. Bg2 Bg7 4. c4 0-0 5. d4 d6 6. 0-0 Nc6 7. Nc3 a6 8. b3 Rb8 9. d5 Na5 10. Bg5 h6 11. Bd2 c5 12. dxc6 bxc6 13. Qc1 Kh7 14. c5 d5 15. Bf4 Rb7 16. Be5 Nd7 17. Bxg7 Kxg7 18. Nxd5 cxd5 19. c6 Rc7 20. Qc3+ Nf6 21. Qxa5 Rxc6 22. Qxd8 Rxd8 23. Rac1 Rxc1 24. Rxc1 Bf5 25. Nd4 Bd7 26. Rc5 e5 27. Nf3 Re8 28. e3 e4 29. Nd4 Rc8 30. Rxc8 Bxc8 31. b4 Kf8 32. Bf1 Ne8 33. Be2 Ke7 34. Kf1 Kd6 35. Ke1 f5 36. h4 Nf6 37. Kd2 g5 38. hxg5 hxg5 39. Kc3 g4 40. a4 Nh7 41. a5 Ng5 42. Kd2 Nh3 43. Ke1 Ng5 44. Kd2 Nh3 1/2-1/2

[Event "SUI-chT"]
[Site "Switzerland"]
[Date "2019.06.30"]
[Round "5.8"]
[White "Antognini, Francesco"]
[Black "Rusev, Aleksandar"]
[Result "0-1"]
[WhiteElo "2262"]
[BlackElo "2337"]
[PlyCount "48"]
[EventDate "2019.03.10"]
[EventType "team-tourn"]
[EventRounds "9"]
[EventCountry "SUI"]
[SourceTitle "EXT 2020"]
[Source "ChessBase"]
[SourceDate "2019.10.17"]
[SourceVersion "1"]
[SourceVersionDate "2019.10.17"]
[SourceQuality "1"]
[WhiteTeam "Reti"]
[BlackTeam "Luzern"]
[WhiteTeamCountry "SUI"]
[BlackTeamCountry "SUI"]

1. Nf3 Nf6 2. c4 g6 3. Nc3 Bg7 4. g3 0-0 5. Bg2 d6 6. d4 Nc6 7. 0-0 a6 8. Qd3 Bf5 9. e4 Bg4 10. h3 Bxf3 11. Bxf3 e5 12. d5 Nd4 13. Bg2 c5 14. f4 exf4 15. gxf4 Nh5 16. e5 dxe5 17. fxe5 Bxe5 18. Bh6 Re8 19. Ne4 f5 20. Nc3 Qd6 21. Rfe1 Bf4 22. Bxf4 Nxf4 23. Qf1 Nc2 24. Rxe8+ Rxe8 0-1

[Event "SUI-chT"]
[Site "Switzerland"]
[Date "2013.10.12"]
[Round "8.6"]
[White "Schiendorfer, Florian"]
[Black "Rusev, Aleksandar"]
[Result "1/2-1/2"]
[WhiteElo "2189"]
[BlackElo "2253"]
[PlyCount "84"]
[EventDate "2013.03.17"]
[EventType "team-tourn"]
[EventRounds "9"]
[EventCountry "SUI"]
[SourceTitle "EXT 2014"]
[Source "ChessBase"]
[SourceDate "2013.11.20"]
[SourceVersion "1"]
[SourceVersionDate "2013.11.20"]
[SourceQuality "1"]
[WhiteTeam "Bern Schwarz Weiss"]
[BlackTeam "Luzern"]
[WhiteTeamCountry "SUI"]
[BlackTeamCountry "SUI"]

1. g3 c5 2. Bg2 Nc6 3. c4 g6 4. Nc3 Bg7 5. a3 a5 6. e3 Nh6 7. Nge2 Nf5 8. 0-0 d6 9. b3 h5 10. h3 Bd7 11. Bb2 Qc8 12. Qc2 Ra6 13. Nd5 e5 14. Nec3 0-0 15. Ne4 Qd8 16. Bc3 Be6 17. Qd3 Kh8 18. Rab1 Bxd5 19. Qxd5 Nce7 20. Qd3 Nc8 21. b4 axb4 22. axb4 b6 23. h4 Qc7 24. Ng5 Bf6 25. Kh2 Qe7 26. Ne4 Bg7 27. Bh3 f6 28. Ra1 Rxa1 29. Rxa1 Qc7 30. Qe2 Nce7 31. bxc5 dxc5 32. Bg2 Rd8 33. Bf3 Nd6 34. Nxd6 Rxd6 35. Ra8+ Rd8 36. Ra6 f5 37. Qe1 e4 38. Bxg7+ Kxg7 39. Be2 Kf7 40. Qc1 Qd6 41. Ra2 Nc6 42. Qc3 Qf6 1/2-1/2

[Event "SUI-chT"]
[Site "Switzerland"]
[Date "2012.09.23"]
[Round "7.8"]
[White "Vuilleumier, Alexandre"]
[Black "Rusev, Aleksandar"]
[Result "1-0"]
[WhiteElo "2350"]
[BlackElo "2258"]
[PlyCount "95"]
[EventDate "2012.03.18"]
[EventType "team-tourn"]
[EventRounds "9"]
[EventCountry "SUI"]
[SourceTitle "EXT 2013"]
[Source "ChessBase"]
[SourceDate "2012.11.22"]
[SourceVersion "1"]
[SourceVersionDate "2012.11.22"]
[SourceQuality "1"]
[WhiteTeam "Geneve"]
[BlackTeam "Luzern"]
[WhiteTeamCountry "SUI"]
[BlackTeamCountry "SUI"]

1. d4 Nf6 2. c4 g6 3. Nc3 Bg7 4. e4 d6 5. Nf3 0-0 6. Be2 e5 7. 0-0 Nc6 8. d5 Ne7 9. b4 a5 10. bxa5 Rxa5 11. a4 c5 12. Nd2 Nd7 13. g3 f5 14. Bf3 f4 15. g4 g5 16. Bg2 h5 17. h3 Nf6 18. f3 Ng6 19. Nb3 Ra6 20. a5 Rf7 21. Na4 hxg4 22. hxg4 Nh4 23. Ra2 Bd7 24. Nb6 Bxg4 25. fxg4 Nxg2 26. Rxg2 Nxe4 27. Qd3 Nf6 28. Qg6 e4 29. Bb2 Rxa5 30. Nxa5 Qxb6 31. Bc3 e3 32. Rb2 Qd8 33. Re2 Nh7 34. Bxg7 Rxg7 35. Qe6+ Kh8 36. Nb3 Re7 37. Qf5 Re5 38. Qg6 Qd7 39. Qh5 Qg7 40. Ra1 Kg8 41. Kg2 Nf8 42. Ra8 Qf6 43. Kf3 Re7 44. Nc1 Rh7 45. Rxf8+ Qxf8 46. Qxg5+ Kh8 47. Qf5 Qh6 48. Rh2 1-0

[Event "SUI-chT"]
[Site "Switzerland"]
[Date "2012.04.29"]
[Round "3.7"]
[White "Camponovo, David"]
[Black "Rusev, Aleksandar"]
[Result "0-1"]
[WhiteElo "1953"]
[BlackElo "2276"]
[PlyCount "146"]
[EventDate "2012.03.18"]
[EventType "team-tourn"]
[EventRounds "9"]
[EventCountry "SUI"]
[SourceTitle "EXT 2013"]
[Source "ChessBase"]
[SourceDate "2012.11.22"]
[SourceVersion "1"]
[SourceVersionDate "2012.11.22"]
[SourceQuality "1"]
[WhiteTeam "Mendrisio"]
[BlackTeam "Luzern"]
[WhiteTeamCountry "SUI"]
[BlackTeamCountry "SUI"]

1. c4 e5 2. g3 Nc6 3. Bg2 f5 4. Nc3 Nf6 5. e3 g6 6. a3 Bg7 7. d3 d6 8. Nge2 Ne7 9. 0-0 c6 10. e4 Be6 11. h3 fxe4 12. d4 Bxc4 13. dxe5 dxe5 14. Qa4 b5 15. Qb4 Nfd5 16. Qc5 Nxc3 17. Nxc3 Qd4 18. Be3 Qxc5 19. Bxc5 Bxf1 20. Kxf1 Nf5 21. Bxe4 Kd7 22. a4 a6 23. Bg2 Nd4 24. Ne4 Rhb8 25. a5 Bf8 26. Bb6 Kc8 27. h4 Rxb6 28. axb6 Kb7 29. Nf6 Kxb6 30. Nxh7 Bc5 31. Nf6 Rd8 32. Rc1 Be7 33. Ng4 Bd6 34. Be4 Rg8 35. Nf6 Rg7 36. Ne8 Rd7 37. Bxg6 Be7 38. h5 Bg5 39. Re1 Nf3 40. Re2 Nd2+ 41. Kg2 a5 42. Rxe5 Bh6 43. g4 Nc4 44. Re6 Bf4 45. h6 Bxh6 46. Be4 Bf4 47. Rxc6+ Ka7 48. Rc5 Re7 49. Bg6 Kb6 50. Rf5 Be5 51. b3 a4 52. bxc4 a3 53. c5+ Kxc5 54. Bf7 Rxf7 55. Rxe5+ Kc6 56. Re3 b4 57. Re1 a2 58. g5 b3 59. g6 Rf8 60. g7 Rg8 61. Rc1+ Kb5 62. Nd6+ Kb4 63. Rc4+ Ka5 64. Rc7 Kb6 65. Rb7+ Kc5 66. Rxb3 a1Q 67. Nf5 Qe5 68. Rf3 Kd5 69. Re3 Ke6 70. Rf3 Kf6 71. Re3 Kxf5 72. Rf3+ Kg6 73. Rg3+ Kf7 0-1

[Event "SUI-chT"]
[Site "Switzerland"]
[Date "2012.03.18"]
[Round "1.8"]
[White "Wirthensohn, Heinz"]
[Black "Rusev, Aleksandar"]
[Result "0-1"]
[WhiteElo "2324"]
[BlackElo "2276"]
[PlyCount "66"]
[EventDate "2012.03.18"]
[EventType "team-tourn"]
[EventRounds "9"]
[EventCountry "SUI"]
[SourceTitle "CBM 147 Extra"]
[Source "ChessBase"]
[SourceDate "2012.04.24"]
[SourceVersion "1"]
[SourceVersionDate "2012.04.24"]
[SourceQuality "1"]
[WhiteTeam "Reichenstein"]
[BlackTeam "Luzern"]
[WhiteTeamCountry "SUI"]
[BlackTeamCountry "SUI"]

1. d4 Nf6 2. Nf3 g6 3. c4 Bg7 4. b4 d5 5. e3 0-0 6. Nbd2 b6 7. Bb2 c6 8. Be2 a5 9. bxa5 Rxa5 10. 0-0 Bf5 11. Qb3 Nbd7 12. Rfc1 Qa8 13. a4 Rc8 14. cxd5 Nxd5 15. e4 Nf4 16. Bf1 Be6 17. Qc2 Bh6 18. Nc4 Rh5 19. Ne3 Nf6 20. Ne5 Qb8 21. Ra3 Nd7 22. Nf3 Nf6 23. Rc3 c5 24. a5 bxa5 25. Rxc5 Rcxc5 26. dxc5 Ng4 27. Qc3 f6 28. Nxg4 Bxg4 29. c6 Bxf3 30. c7 Nh3+ 31. Kh1 Nxf2+ 32. Kg1 Nh3+ 33. gxh3 Qb6+ 0-1

[Event "SUI-chT"]
[Site "Switzerland"]
[Date "2011.08.28"]
[Round "7.8"]
[White "Schmidt Schaeffer, Sebastian"]
[Black "Rusev, Aleksandar"]
[Result "0-1"]
[WhiteElo "2410"]
[BlackElo "2234"]
[PlyCount "74"]
[EventDate "2011.02.27"]
[EventType "team-tourn"]
[EventRounds "9"]
[EventCountry "SUI"]
[SourceTitle "EXT 2012"]
[Source "ChessBase"]
[SourceDate "2011.11.24"]
[SourceVersion "1"]
[SourceVersionDate "2011.11.24"]
[SourceQuality "1"]
[WhiteTeam "Riehen"]
[BlackTeam "Luzern"]
[WhiteTeamCountry "SUI"]
[BlackTeamCountry "SUI"]

1. f4 d5 2. Nf3 Nf6 3. e3 g6 4. Be2 Bg7 5. 0-0 0-0 6. d4 c5 7. Qe1 Nbd7 8. Nc3 a6 9. a4 b6 10. b3 Bb7 11. Bb2 Qc7 12. Ne5 Rad8 13. Rf3 Ne4 14. Rh3 Ndf6 15. Nxe4 Nxe4 16. Qh4 h6 17. dxc5 Bc8 18. Ng4 h5 19. Nh6+ Bxh6 20. Bxh5 Bxh3 21. Bxg6 fxg6 22. Qxh6 Rf6 23. Bxf6 exf6 24. Qxh3 Qxc5 25. c4 Kg7 26. f5 dxc4 27. bxc4 Qxf5 28. Qxf5 gxf5 29. h3 Rc8 30. a5 Rc6 31. axb6 Rxb6 32. Ra2 Rc6 33. Kh2 Kg6 34. g4 fxg4 35. hxg4 Nd6 36. c5 Ne4 37. Kg2 Nxc5 0-1

[Event "SUI-chT"]
[Site "Switzerland"]
[Date "2011.08.27"]
[Round "6.8"]
[White "Rusev, Aleksandar"]
[Black "Preissmann, Emmanuel"]
[Result "0-1"]
[WhiteElo "2234"]
[BlackElo "2305"]
[PlyCount "128"]
[EventDate "2011.02.27"]
[EventType "team-tourn"]
[EventRounds "9"]
[EventCountry "SUI"]
[SourceTitle "EXT 2012"]
[Source "ChessBase"]
[SourceDate "2011.11.24"]
[SourceVersion "1"]
[SourceVersionDate "2011.11.24"]
[SourceQuality "1"]
[WhiteTeam "Luzern"]
[BlackTeam "Geneve"]
[WhiteTeamCountry "SUI"]
[BlackTeamCountry "SUI"]

1. d4 d5 2. c4 e6 3. Nc3 c6 4. cxd5 exd5 5. Qc2 Ne7 6. Bg5 Bf5 7. Qxf5 Nxf5 8. Bxd8 Kxd8 9. e3 Nd7 10. Bd3 Nd6 11. Nge2 Be7 12. b3 g6 13. f3 f5 14. Nf4 Bf6 15. Rc1 Re8 16. Kd2 Bg5 17. g3 Bxf4 18. gxf4 Nf6 19. Na4 Rc8 20. Rhe1 Rc7 21. Bf1 Rg7 22. h4 h6 23. Nc5 g5 24. hxg5 hxg5 25. fxg5 Rxg5 26. Be2 f4 27. exf4 Rg2 28. Kd3 Nh5 29. Bf1 Nxf4+ 30. Kc3 Rxe1 31. Rxe1 Rf2 32. a4 Rxf3+ 33. Nd3 Ne4+ 34. Kc2 Ne6 35. Rd1 Nxd4+ 36. Kb2 Nf2 37. Nxf2 Rxf2+ 38. Kc3 Ne2+ 39. Bxe2 Rxe2 40. Rh1 Kd7 41. Rh8 Re3+ 42. Kb4 b6 43. a5 c5+ 44. Ka4 Re4+ 45. Ka3 Kc6 46. Rh7 bxa5 47. Rxa7 Kb6 48. Rd7 d4 49. Rd8 Re6 50. Ka4 Kc7 51. Rh8 d3 52. Rh7+ Kc6 53. Rh2 Rd6 54. Rd2 Kb6 55. b4 axb4 56. Rxd3 Kc6 57. Rh3 Re6 58. Rh8 Re3 59. Rh6+ Kd5 60. Kb5 b3 61. Rh5+ Kd4 62. Rxc5 b2 63. Rc4+ Kd3 64. Rb4 Kc2 0-1

[Event "SUI-chT"]
[Site "Switzerland"]
[Date "2009.09.05"]
[Round "6.8"]
[White "Burnier, David"]
[Black "Rusev, Aleksandar"]
[Result "0-1"]
[WhiteElo "2326"]
[BlackElo "2237"]
[PlyCount "111"]
[EventDate "2009.02.22"]
[EventType "team-tourn"]
[EventRounds "9"]
[EventCountry "SUI"]
[SourceTitle "EXT 2011"]
[Source "ChessBase"]
[SourceDate "2010.11.26"]
[SourceVersion "1"]
[SourceVersionDate "2010.11.26"]
[SourceQuality "1"]
[WhiteTeam "Joueur"]
[BlackTeam "Luzern"]
[WhiteTeamCountry "SUI"]
[BlackTeamCountry "SUI"]

1. d4 Nf6 2. c4 e6 3. Nf3 Bb4+ 4. Nbd2 d5 5. a3 Be7 6. Qc2 0-0 7. e4 dxe4 8. Nxe4 Nbd7 9. Bd3 Nxe4 10. Bxe4 Nf6 11. Bd3 Ne8 12. Be4 Nf6 13. Bd3 b6 14. Bg5 h6 15. h4 Bb7 16. 0-0-0 b5 17. cxb5 c6 18. Bxf6 Bxf6 19. Bh7+ Kh8 20. Be4 Rc8 21. bxc6 Bxc6 22. Bxc6 Qb6 23. Kb1 Rxc6 24. Qe2 Rb8 25. Ne5 Rc7 26. Rh3 Rbc8 27. Rf3 Qb7 28. h5 Kg8 29. Qd3 Rd8 30. Qe3 Qd5 31. Ng4 Bxd4 32. Qe2 Rcd7 33. Rfd3 Qf5 34. Ka2 Qd5+ 35. Kb1 Qb5 36. R3d2 Qf5+ 37. Ka2 e5 38. Nxe5 Qe6+ 39. Nc4 Qd5 40. b3 a5 41. a4 Qc5 42. Qg4 Qa7 43. f3 Qc5 44. Qe4 f5 45. Qe6+ Kh8 46. Qb6 Qe7 47. Rxd4 Rxd4 48. Rxd4 Qe2+ 49. Ka3 Rxd4 50. Qxd4 Qxg2 51. Qd5 Qh1 52. Nxa5 Qxh5 53. Nc6 Qe8 54. Qd8 Qxd8 55. Nxd8 g5 56. Ne6 0-1

[Event "SUI-chT"]
[Site "Switzerland"]
[Date "2008.09.21"]
[Round "9.8"]
[White "Gruenenwald, Joerg"]
[Black "Rusev, Aleksandar"]
[Result "1/2-1/2"]
[WhiteElo "2332"]
[BlackElo "2232"]
[PlyCount "91"]
[EventDate "2008.03.02"]
[EventType "team-tourn"]
[EventRounds "9"]
[EventCountry "SUI"]
[SourceTitle "EXT 2009"]
[Source "ChessBase"]
[SourceDate "2008.11.26"]
[SourceVersion "1"]
[SourceVersionDate "2008.11.26"]
[SourceQuality "1"]
[WhiteTeam "Zuerich"]
[BlackTeam "Luzern"]
[WhiteTeamCountry "SUI"]
[BlackTeamCountry "SUI"]

1. d4 Nf6 2. c4 g6 3. f3 Bg7 4. e4 0-0 5. Nc3 d6 6. Nge2 e5 7. Be3 Nc6 8. d5 Na5 9. Nc1 c5 10. a3 b6 11. b4 Nb7 12. g3 Nh5 13. Bg2 f5 14. Nd3 f4 15. Bf2 fxg3 16. hxg3 Qg5 17. Qd2 Bh6 18. Qxg5 Bxg5 19. bxc5 Nxc5 20. Nxc5 bxc5 21. Ke2 Ba6 22. Kd3 Rf7 23. a4 Bd8 24. Nb5 Rf6 25. Be1 Bc8 26. Rb1 a6 27. Na3 Rf7 28. Ke3 Rb7 29. Rxb7 Bxb7 30. Bh3 Bc8 31. Bxc8 Rxc8 32. Kd3 Rb8 33. Kc2 Bg5 34. g4 Nf4 35. Bd2 Kg7 36. Rh2 Rh8 37. Nb1 h5 38. Nc3 h4 39. Nd1 Kf6 40. Nf2 Rh7 41. Bxf4 Bxf4 42. Rh1 Bg3 43. Nh3 Rb7 44. Rb1 Rb4 45. Rxb4 cxb4 46. a5 1/2-1/2

[Event "BUL-ch U20"]
[Site "Pleven"]
[Date "2004.02.07"]
[Round "6"]
[White "Rusev, Aleksandar"]
[Black "Karakehajov, Kalin"]
[Result "1/2-1/2"]
[WhiteElo "2175"]
[BlackElo "2330"]
[PlyCount "80"]
[EventDate "2004.02.10"]
[EventType "swiss"]
[EventRounds "9"]
[EventCountry "BUL"]
[SourceTitle "EXT 2005"]
[Source "ChessBase"]
[SourceDate "2004.11.15"]
[SourceVersion "1"]
[SourceVersionDate "2004.11.15"]
[SourceQuality "1"]

1. d4 d5 2. c4 e6 3. Nc3 c6 4. e3 Nf6 5. Nf3 Nbd7 6. Bd3 Be7 7. 0-0 0-0 8. b3 b6 9. Bb2 Bb7 10. Qe2 Qc7 11. Ne5 Nxe5 12. dxe5 Nd7 13. f4 Nc5 14. Bc2 dxc4 15. bxc4 Rfd8 16. Rad1 Rxd1 17. Rxd1 Rd8 18. Qh5 g6 19. Qe2 Ba6 20. Ba3 Rxd1+ 21. Bxd1 Qd8 22. Bc2 Bb7 23. Bxc5 Bxc5 24. Ne4 Be7 25. Qd3 Qxd3 26. Bxd3 Ba6 27. a4 Kf8 28. Kf2 Ke8 29. g4 h6 30. Kg3 Bb7 31. h4 Bb4 32. Kf2 Ke7 33. h5 gxh5 34. gxh5 Kf8 35. Ke2 Bc8 36. Nf6 a6 37. Be4 b5 38. cxb5 cxb5 39. axb5 axb5 40. Bc6 Kg7 1/2-1/2